[Event "Kreis-Mitte-EM"]
[Site "Zirndorf"]
[Date "2012.01.05"]
[Round "1.1"]
[White "Saathoff, Richard"]
[Black "Berg, Winfried"]
[Result "1-0"]
[WhiteElo "2109"]
[BlackElo "1596"]
[PlyCount "77"]
[EventDate "2012.??.??"]
[WhiteTeam "SW Nürnberg Süd"]
[BlackTeam "SW Nürnberg Süd"]

1. e4 e6 2. d4 d5 3. Nc3 Nc6 4. e5 Nge7 5. Nf3 Nf5 6. Bf4 Bb4 7. Qd2 Bd7 8. a3
Be7 9. g4 Nh4 10. Nxh4 Bxh4 11. O-O-O a6 12. Qe3 b5 13. Rg1 g5 14. Bg3 Bxg3 15.
Rxg3 b4 16. Na4 bxa3 17. Qxa3 Na7 18. Nc5 Bb5 19. Qe3 Bxf1 20. Rxf1 c6 21. Nb7
Qb6 22. Nd6+ Kd7 23. Qxg5 Rab8 24. Rb3 Qxd4 25. Qf6 Rxb3 26. Qxf7+ Kd8 27. Qf6+
Kc7 28. Qg7+ Kb6 29. Qb7+ Kc5 30. Qxb3 Nb5 31. Qg3 Nxd6 32. exd6 Rd8 33. Rd1
Qf6 34. Qa3+ Kb6 35. Qb4+ Ka7 36. Qc5+ Kb7 37. Rd4 Rxd6 38. Rb4+ Kc7 39. Qa7+
1-0

[Event "Kreis-Mitte-EM"]
[Site "Zirndorf"]
[Date "2012.01.05"]
[Round "1.2"]
[White "Münzenberg, Dietrich"]
[Black "Wagner, Hans"]
[Result "0-1"]
[WhiteElo "1596"]
[BlackElo "2096"]
[PlyCount "24"]
[EventDate "2012.??.??"]
[WhiteTeam "Zabo-Eintracht N."]
[BlackTeam "SC Stein"]

1. d4 c5 2. d5 Nf6 3. Bg5 Ne4 4. Bc1 e6 5. dxe6 fxe6 6. Qd3 d5 7. Nc3 c4 8. Qh3
Bb4 9. a3 Qa5 10. Qh5+ g6 11. Qe5 O-O 12. Bd2 Nc6 0-1

[Event "Kreis-Mitte-EM"]
[Site "Zirndorf"]
[Date "2012.01.05"]
[Round "1.3"]
[White "Erlbeck, Peter"]
[Black "Röckl, Adelbert"]
[Result "1-0"]
[WhiteElo "2025"]
[BlackElo "1548"]
[PlyCount "91"]
[EventDate "2012.??.??"]
[WhiteTeam "SW Nürnberg Süd"]
[BlackTeam "Zabo-Eintracht N."]

1. e4 e6 2. d4 d5 3. e5 c5 4. c3 Bd7 5. Nf3 Nc6 6. Be2 f6 7. O-O fxe5 8. dxe5
Nh6 9. Re1 Nf7 10. Bf4 Be7 11. h3 Qb6 12. Nbd2 h6 13. Nf1 O-O-O 14. a4 g5 15.
Bg3 h5 16. Ne3 Rdg8 17. Bb5 g4 18. Nxd5 Qd8 19. Nxe7+ Qxe7 20. hxg4 hxg4 21.
Nh2 Nh6 22. Qd6 Qxd6 23. exd6 Nf5 24. Re4 Nxg3 25. fxg3 Rg5 26. Rxg4 Rgh5 27.
Rh4 Rxh4 28. gxh4 Rxh4 29. Re1 Nd8 30. Nf3 Rh5 31. Ne5 Bxb5 32. axb5 Rf5 33. g4
Rg5 34. Kf2 Rg7 35. Kg3 a6 36. bxa6 bxa6 37. Rf1 Rg5 38. Kf4 Rg8 39. Ke4 Kb7
40. b3 Rg7 41. Rf8 Nc6 42. Rf7+ Rxf7 43. Nxf7 Kc8 44. g5 Kd7 45. g6 Ke8 46. Ne5
1-0

[Event "Kreis-Mitte-EM"]
[Site "Zirndorf"]
[Date "2012.01.05"]
[Round "1.4"]
[White "Dietrich, Thomas"]
[Black "Rausch, Wolfgang jr"]
[Result "0-1"]
[WhiteElo "1524"]
[BlackElo "2005"]
[PlyCount "88"]
[EventDate "2012.??.??"]
[WhiteTeam "SC Anderssen Nbg."]
[BlackTeam "SC N-T Nürnberg"]

1. e4 c6 2. d4 d5 3. Nc3 dxe4 4. Nxe4 Nf6 5. Ng3 h5 6. h3 h4 7. N3e2 Bf5 8. Nc3
e6 9. a3 Ne4 10. Nge2 Be7 11. Nxe4 Bxe4 12. Nc3 Bf5 13. Be3 Nd7 14. Bd3 g6 15.
g4 hxg3 16. fxg3 Rxh3 17. Rxh3 Bxh3 18. Qf3 Bf5 19. Bxf5 gxf5 20. O-O-O Qa5 21.
Rh1 O-O-O 22. Bd2 Nf6 23. Ne2 Qa6 24. Bg5 Re8 25. Nc3 Qc4 26. Bxf6 Bxf6 27. g4
Bxd4 28. Ne2 Bf6 29. gxf5 e5 30. Rh7 e4 31. Qe3 b6 32. Rh6 Be5 33. b3 Qd5 34.
Nc3 Bxc3 35. Qxc3 Kb7 36. Qf6 Re5 37. Rh7 Rxf5 38. Qe7+ Ka6 39. Qb4 Rf1+ 40.
Kb2 Qd4+ 41. c3 Rf2+ 42. Kb1 Qd5 43. Qc4+ Qxc4 44. bxc4 Ka5 0-1

[Event "Kreis-Mitte-EM"]
[Site "Zirndorf"]
[Date "2012.01.05"]
[Round "1.5"]
[White "Karasek, Christian"]
[Black "Berntgen, Michael"]
[Result "1-0"]
[WhiteElo "1991"]
[BlackElo "1502"]
[PlyCount "47"]
[EventDate "2012.??.??"]
[WhiteTeam "SC N-T Nürnberg"]
[BlackTeam "SW Nürnberg Süd"]

1. e4 e5 2. Nf3 Nc6 3. Bb5 a6 4. Ba4 Nf6 5. O-O Be7 6. Re1 b5 7. Bb3 O-O 8. h3
d6 9. c3 d5 10. exd5 Nxd5 11. Nxe5 Nxe5 12. Rxe5 c6 13. d4 Bd6 14. Re1 Qh4 15.
Qf3 Be6 16. Nd2 Rae8 17. Ne4 Be7 18. Bd2 f5 19. Ng3 Bd6 20. Re2 g5 21. Rxe6
Rxe6 22. Bxd5 cxd5 23. Qxd5 Rfe8 24. Nxf5 1-0

[Event "Kreis-Mitte-EM"]
[Site "Zirndorf"]
[Date "2012.01.05"]
[Round "1.6"]
[White "Hansen, Roland"]
[Black "Lais, Thomas"]
[Result "0-1"]
[WhiteElo "1502"]
[BlackElo "1959"]
[PlyCount "51"]
[EventDate "2012.??.??"]
[WhiteTeam "SK Schwabach 07"]
[BlackTeam "SW Nürnberg Süd"]

1. d4 Nf6 2. Nf3 g6 3. c4 Bg7 4. Nc3 d5 5. cxd5 Nxd5 6. e4 Nxc3 7. bxc3 c5 8.
Bc4 O-O 9. O-O Qc7 10. Qb3 cxd4 11. cxd4 Nc6 12. Qc2 Bg4 13. Bb2 Bxf3 14. gxf3
Rac8 15. Rac1 Bh6 16. d5 Bxc1 17. Rxc1 Ne5 18. Qc3 f6 19. Bb3 Qxc3 20. Rxc3
Rxc3 21. Bxc3 Rc8 22. Bb4 Kf8 23. Kg2 Nc4 24. Kg3 a5 25. Bc3 b5 26. Bd4 0-1

[Event "Kreis-Mitte-EM"]
[Site "Zirndorf"]
[Date "2012.01.05"]
[Round "1.7"]
[White "Diehl, Achim"]
[Black "Ehmer, Marty"]
[Result "1-0"]
[WhiteElo "1959"]
[BlackElo "1502"]
[PlyCount "107"]
[EventDate "2012.??.??"]
[WhiteTeam "SW Nürnberg Süd"]
[BlackTeam "SW Nürnberg Süd"]

1. e4 e6 2. d4 d5 3. e5 c5 4. c3 Nc6 5. Nf3 Bd7 6. a3 Qb6 7. Be2 f6 8. O-O cxd4
9. cxd4 Nge7 10. Nc3 fxe5 11. dxe5 Ng6 12. Nb5 a6 13. Be3 Qd8 14. Bg5 Qb8 15.
Nd6+ Bxd6 16. exd6 Qxd6 17. Rc1 O-O 18. Be3 Qc7 19. Bd3 Nge5 20. Nxe5 Qxe5 21.
Qg4 Rf7 22. Rc2 d4 23. Bd2 Qd6 24. Qh4 g6 25. Re1 Ne5 26. Bb4 Qd5 27. Rc5 Qxc5
28. Bxc5 Nxd3 29. Bxd4 Nxe1 30. Bc3 Nd3 31. Qd4 e5 32. Qxd3 Re8 33. f3 Bb5 34.
Qd5 Bc6 35. Qc5 e4 36. Qd4 Kf8 37. f4 e3 38. g4 Re4 39. Qd8+ Be8 40. Qd6+ Kg8
41. Qd5 Rexf4 42. Qe5 Rf1+ 43. Kg2 R1f2+ 44. Kh3 R7f3+ 45. Kh4 Kf7 46. Qd5+ Kf8
47. Bb4+ Kg7 48. Qe5+ Rf6 49. Qe7+ Rf7 50. Bc3+ Kg8 51. Qxe8+ Rf8 52. Qe5 Kf7
53. Qd5+ Ke8 54. Qe6+ 1-0

[Event "Kreis-Mitte-EM"]
[Site "Zirndorf"]
[Date "2012.01.05"]
[Round "1.8"]
[White "Dreiseitel, Werner"]
[Black "Luther, Helmut"]
[Result "0-1"]
[WhiteElo "1494"]
[BlackElo "1913"]
[PlyCount "66"]
[EventDate "2012.??.??"]
[WhiteTeam "SC N-T Nürnberg"]
[BlackTeam "SW Nürnberg Süd"]

1. d4 Nf6 2. c4 c5 3. d5 d6 4. Nc3 g6 5. e4 Bg7 6. Be2 O-O 7. Qc2 e6 8. Bg5
exd5 9. cxd5 a6 10. a4 h6 11. Bf4 Re8 12. Nf3 Bg4 13. h3 Bxf3 14. Bxf3 Qc7 15.
O-O Nbd7 16. Be2 Ne5 17. Bh2 Rac8 18. f4 Ned7 19. Rac1 c4 20. Rfe1 b5 21. axb5
axb5 22. Kh1 Qb8 23. Bf3 Nc5 24. Re2 Nd3 25. Rb1 b4 26. Nd1 b3 27. Qd2 Nd7 28.
Bg4 Rc7 29. Bxd7 Rxd7 30. Qa5 Ra7 31. Qd2 Rc8 32. Nc3 Qb4 33. f5 Nxb2 0-1

[Event "Kreis-Mitte-EM"]
[Site "Zirndorf"]
[Date "2012.01.05"]
[Round "1.9"]
[White "Bolten, Daniel"]
[Black "Siegl, Adrian"]
[Result "1-0"]
[WhiteElo "1889"]
[BlackElo "1476"]
[PlyCount "53"]
[EventDate "2012.??.??"]
[WhiteTeam "SW Nürnberg Süd"]
[BlackTeam "SW Nürnberg Süd"]

1. c4 c5 2. g3 g6 3. Bg2 Bg7 4. Nc3 Nc6 5. Nf3 e6 6. O-O Nf6 7. d4 cxd4 8. Nxd4
d5 9. cxd5 exd5 10. Be3 O-O 11. h3 Re8 12. Rc1 Ne5 13. b3 Be6 14. Bf4 Nc6 15.
Ncb5 Nxd4 16. Nxd4 Rc8 17. Nxe6 fxe6 18. Be5 Qa5 19. Qd4 Kf7 20. e4 Qxa2 21.
exd5 Qxb3 22. Rb1 Qc4 23. Rxb7+ Re7 24. Qxa7 Rce8 25. d6 Rxb7 26. Qxb7+ Kf8 27.
Bc6 1-0

[Event "Kreis-Mitte-EM"]
[Site "Zirndorf"]
[Date "2012.01.05"]
[Round "1.10"]
[White "Thoma, Dirk"]
[Black "Leis, Stefan"]
[Result "0-1"]
[WhiteElo "1468"]
[BlackElo "1873"]
[PlyCount "48"]
[EventDate "2012.??.??"]
[WhiteTeam "SC N-T Nürnberg"]
[BlackTeam "SC Mühlhof-R'dorf"]

1. Nf3 g6 2. d4 f5 3. c4 Nf6 4. Nc3 Bg7 5. e3 d6 6. Be2 Nc6 7. O-O O-O 8. d5
Ne5 9. h3 c6 10. Rb1 Nf7 11. b3 Qa5 12. Qc2 Bd7 13. b4 Qc7 14. Qb3 g5 15. Nd4
g4 16. Ne6 Bxe6 17. dxe6 Ng5 18. e4 Ngxe4 19. Nxe4 Nxe4 20. Bf4 Qc8 21. c5 d5
22. Bd3 Qxe6 23. Bxe4 fxe4 24. Bg3 gxh3 0-1

[Event "Kreis-Mitte-EM"]
[Site "Zirndorf"]
[Date "2012.01.05"]
[Round "1.11"]
[White "Thürauf, Peter"]
[Black "Ratscheu, Stefan"]
[Result "1-0"]
[WhiteElo "1826"]
[BlackElo "1459"]
[PlyCount "63"]
[EventDate "2012.??.??"]
[WhiteTeam "SW Nürnberg Süd"]
[BlackTeam "SC Postbauer-Heng"]

1. d4 d5 2. Nf3 Nf6 3. c4 c6 4. Nc3 Bf5 5. Bf4 e6 6. e3 Nbd7 7. cxd5 exd5 8.
Be2 Be7 9. O-O O-O 10. Rc1 Ne4 11. Nxe4 Bxe4 12. Nd2 Bg6 13. Qb3 Qb6 14. Rfd1
Rac8 15. Bg4 f5 16. Bf3 Kh8 17. Qa4 Qb4 18. Qc2 Nf6 19. a3 Qb6 20. b4 Ne4 21.
Nb3 Qd8 22. Na5 Qd7 23. Be2 a6 24. Nb3 h6 25. f3 Nf6 26. Nc5 Bxc5 27. bxc5 Ne8
28. Rb1 Rf7 29. Rb6 Bh7 30. Rdb1 g5 31. Be5+ Kg8 32. Bd3 1-0

[Event "Kreis-Mitte-EM"]
[Site "Zirndorf"]
[Date "2012.01.05"]
[Round "1.12"]
[White "Berntgen, Henri"]
[Black "Schlötterer, Hermann"]
[Result "1/2-1/2"]
[WhiteElo "1451"]
[BlackElo "1795"]
[PlyCount "83"]
[EventDate "2012.??.??"]
[WhiteTeam "SW Nürnberg Süd"]
[BlackTeam "SC N-T Nürnberg"]

1. e4 c5 2. Nc3 Nc6 3. Bb5 Nd4 4. Bc4 e6 5. Nf3 Qc7 6. d3 b5 7. Bxb5 Nxb5 8.
Nxb5 Qa5+ 9. Nc3 Nf6 10. O-O Bb7 11. Re1 Be7 12. Qe2 O-O 13. a3 a6 14. Bd2 Qc7
15. h3 Rab8 16. e5 Nd5 17. Nxd5 Bxd5 18. Bc3 Qc6 19. d4 c4 20. Rad1 Kh8 21. Kh1
Rg8 22. Rg1 Bxf3 23. gxf3 Qd5 24. Qe4 f5 25. exf6 Bxf6 26. Rg4 Rbf8 27. Rdg1
Rf7 28. h4 Be7 29. R1g3 Bd6 30. Rh3 Rgf8 31. Kg2 Rf4 32. Qxd5 exd5 33. h5 R4f5
34. Bd2 Rb8 35. Bc3 Re8 36. Kf1 Ref8 37. Kg2 Re8 38. Kf1 Re6 39. Bd2 Ref6 40.
Kg2 Re6 41. Kf1 Ref6 42. Kg2 1/2-1/2

[Event "Kreis-Mitte-EM"]
[Site "Zirndorf"]
[Date "2012.01.05"]
[Round "1.13"]
[White "Schanz, Karlheinz"]
[Black "Schilay, Lorenz"]
[Result "1-0"]
[WhiteElo "1782"]
[BlackElo "1413"]
[PlyCount "145"]
[EventDate "2012.??.??"]
[WhiteTeam "SC Mühlhof-R'dorf"]
[BlackTeam "SK Neumarkt"]

1. e4 e5 2. Nf3 Nc6 3. Bb5 Bc5 4. O-O d6 5. h3 Nf6 6. d3 h6 7. c3 a6 8. Ba4 b5
9. Bc2 O-O 10. Nbd2 Bb7 11. Re1 Re8 12. Nf1 Ne7 13. Ng3 Ng6 14. Bd2 c6 15. Qe2
d5 16. Rad1 dxe4 17. dxe4 Qc7 18. Be3 Bb6 19. Rd2 Rad8 20. Red1 Rxd2 21. Qxd2
Bxe3 22. Qxe3 Rd8 23. Rxd8+ Qxd8 24. Qc5 Qc7 25. Nf5 Nd7 26. Qd6 Qxd6 27. Nxd6
Ba8 28. Bb3 c5 29. Bxf7+ Kh7 30. g3 c4 31. b4 cxb3 32. axb3 Nc5 33. Nd2 Nf8 34.
b4 Na4 35. c4 bxc4 36. Bxc4 Nc3 37. Bxa6 Ne6 38. f3 Kg6 39. Bc4 Nc7 40. b5 Na4
41. Bb3 Nb6 42. N2c4 Nxc4 43. Bxc4 Kf6 44. b6 Ne6 45. Bxe6 Kxe6 46. b7 Bxb7 47.
Nxb7 Kd7 48. Nc5+ Kc6 49. Ne6 g6 50. Nf8 g5 51. Nh7 Kc5 52. Kf2 Kd6 53. Nf6 Ke6
54. Ng4 h5 55. Ne3 Kd6 56. Ke2 Kc5 57. Kd3 Kb4 58. Nc4 Kc5 59. Nxe5 h4 60. gxh4
gxh4 61. f4 Kd6 62. Nf3 Ke6 63. f5+ Kf6 64. Kd4 Kg7 65. e5 Kf7 66. Kd5 Ke7 67.
Ng5 Ke8 68. f6 Kf8 69. e6 Ke8 70. Kd6 Kf8 71. Kd7 Kg8 72. e7 Kh8 73. e8=Q# 1-0

[Event "Kreis-Mitte-EM"]
[Site "Zirndorf"]
[Date "2012.01.05"]
[Round "1.14"]
[White "Dreiseitel, Ursula"]
[Black "Ahlich, Thomas"]
[Result "0-1"]
[WhiteElo "1358"]
[BlackElo "1762"]
[PlyCount "84"]
[EventDate "2012.??.??"]
[WhiteTeam "SC N-T Nürnberg"]
[BlackTeam "Zabo-Eintracht N."]

1. d4 Nf6 2. c4 e6 3. Nc3 Bb4 4. Bg5 h6 5. Bh4 b6 6. Nf3 Bb7 7. e3 O-O 8. Be2
d5 9. O-O Nbd7 10. Qc2 c6 11. Bg3 Bxc3 12. bxc3 Ne4 13. Rab1 Nxg3 14. hxg3 c5
15. cxd5 Bxd5 16. c4 Bb7 17. a4 Qc7 18. Rb2 Nf6 19. Ne5 Rfd8 20. Rd1 Rac8 21.
Qb1 Be4 22. Qc1 cxd4 23. exd4 Nd7 24. Qf4 Nxe5 25. Qxe4 Nxc4 26. Rc2 Nd6 27.
Rxc7 Nxe4 28. Rxc8 Rxc8 29. Bf3 Nc3 30. Ra1 Rc4 31. a5 b5 32. Kf1 Rxd4 33. Ke1
b4 34. Rc1 Kf8 35. Bd1 Rxd1+ 36. Rxd1 Nxd1 37. Kxd1 Ke7 38. Kc2 Kd6 39. Kb3 Kc5
40. Ka4 Kc4 41. f3 b3 42. Ka3 Kc3 0-1

[Event "Kreis-Mitte-EM"]
[Site "Zirndorf"]
[Date "2012.01.05"]
[Round "1.16"]
[White "Semenova, Alisa"]
[Black "Petrashov, Alexander"]
[Result "1-0"]
[WhiteElo "1310"]
[BlackElo "1719"]
[PlyCount "109"]
[EventDate "2012.??.??"]
[WhiteTeam "SC N-T Nürnberg"]
[BlackTeam "SW Nürnberg Süd"]

1. e4 e6 2. d4 d5 3. exd5 exd5 4. Nf3 Nf6 5. Bd3 Bg4 6. Be3 Bd6 7. Nbd2 Nbd7 8.
c4 c5 9. Qb3 cxd4 10. Bxd4 Qe7+ 11. Be2 dxc4 12. Nxc4 Bb4+ 13. Bc3 Bxc3+ 14.
Qxc3 O-O 15. Ne3 Ne4 16. Qd3 Ndc5 17. Qa3 f5 18. O-O Bxf3 19. Bxf3 Qe5 20. Nc4
Qd4 21. Rac1 b5 22. Ne3 f4 23. Nc2 Qd2 24. Bxe4 Nxe4 25. Qb3+ Kh8 26. Rcd1 Qe2
27. Rfe1 f3 28. gxf3 Nd2 29. Rxe2 Nxb3 30. axb3 Rxf3 31. Nd4 Rf4 32. Nxb5 Rb4
33. Rde1 Rg8 34. Nxa7 Rxb3 35. Nc8 h6 36. Ne7 Rgb8 37. Nf5 Rxb2 38. Re8+ Kh7
39. Rxb8 Rxb8 40. Re7 Rf8 41. Nxg7 Rg8 42. Kg2 Rxg7+ 43. Rxg7+ Kxg7 44. Kg3 Kf6
45. Kf4 Ke6 46. Ke4 Kf6 47. f3 Ke6 48. f4 Kf6 49. f5 Kf7 50. Ke5 h5 51. f6 h4
52. h3 Kf8 53. Kf5 Ke8 54. Kg6 Kf8 55. f7 1-0

[Event "Kreis-Mitte-EM"]
[Site "Zirndorf"]
[Date "2012.01.05"]
[Round "1.17"]
[White "Siegl, Melina"]
[Black "Schilay, Eva"]
[Result "1-0"]
[WhiteElo "1692"]
[BlackElo "1100"]
[PlyCount "51"]
[EventDate "2012.??.??"]
[WhiteTeam "SW Nürnberg Süd"]
[BlackTeam "SK Neumarkt"]

1. e4 e5 2. Nf3 Nc6 3. Bc4 Bc5 4. c3 d6 5. Bb3 Be6 6. Bc2 Nf6 7. O-O Qd7 8. d4
exd4 9. cxd4 Nxd4 10. Nxd4 Bg4 11. Qd3 O-O-O 12. Be3 Rhe8 13. Nc3 h6 14. Ndb5
Kb8 15. Rfb1 Bb6 16. Bxb6 axb6 17. a4 d5 18. exd5 Nxd5 19. Nxd5 Qxd5 20. Qg3
Qc4 21. Bb3 Qb4 22. Qxc7+ Ka8 23. Qxb6 Kb8 24. Qa7+ Kc8 25. Qa8+ Kd7 26. Qxb7#
1-0

[Event "Kreis-Mitte-EM"]
[Site "Zirndorf"]
[Date "2012.01.05"]
[Round "1.18"]
[White "Männer, Tamina"]
[Black "Babichev, Vyacheslav"]
[Result "0-1"]
[WhiteElo "986"]
[BlackElo "1689"]
[PlyCount "68"]
[EventDate "2012.??.??"]
[WhiteTeam "SC N-T Nürnberg"]
[BlackTeam "SW Nürnberg Süd"]

1. e4 e5 2. Nf3 Nc6 3. Bc4 h6 4. Nc3 Nf6 5. d3 Be7 6. O-O O-O 7. h3 d6 8. Be3
Na5 9. Qe2 Nxc4 10. dxc4 c6 11. Rad1 Qc7 12. b4 Bd7 13. b5 cxb5 14. Nxb5 Bxb5
15. cxb5 Nxe4 16. Bxa7 Nc3 17. Qe3 Nxd1 18. Rxd1 Qxc2 19. Rd2 Qb1+ 20. Kh2 Qxb5
21. Bb6 Ra6 22. Bc7 Rc8 23. Rc2 Rc6 24. Rxc6 bxc6 25. Bb6 c5 26. Bxc5 Qxc5 27.
Qe2 f5 28. Nd2 e4 29. Nb3 Qe5+ 30. g3 d5 31. Qa6 Rc2 32. Qa4 Rxf2+ 33. Kh1 Qxg3
34. Qd4 Qg2# 0-1

[Event "Kreis-Mitte-EM"]
[Site "Zirndorf"]
[Date "2012.01.05"]
[Round "1.19"]
[White "Meulner, Fabian"]
[Black "Nagel, Felix"]
[Result "0-1"]
[WhiteElo "1675"]
[BlackElo "1763"]
[PlyCount "70"]
[EventDate "2012.??.??"]
[WhiteTeam "SW Nürnberg Süd"]
[BlackTeam "SC Anderssen Nbg."]

1. d4 d5 2. c4 dxc4 3. e3 Nf6 4. Bxc4 Nc6 5. Qb3 e6 6. Nf3 Na5 7. Qa4+ c6 8.
Bd3 b5 9. Qc2 Bd7 10. O-O a6 11. Bd2 Nb7 12. Ne5 Qc7 13. a4 Rc8 14. axb5 axb5
15. Rc1 c5 16. Nxd7 Qxd7 17. b3 Be7 18. Na3 O-O 19. Bxb5 Qd8 20. Qb2 Ne4 21.
Bd3 Nxd2 22. Qxd2 Bf6 23. Nc4 cxd4 24. e4 e5 25. b4 Bg5 26. Qb2 Bxc1 27. Rxc1
f6 28. Qb3 Kh8 29. Ra1 Nd6 30. Ra5 Nxc4 31. Bxc4 Rb8 32. Qa4 Qb6 33. Rb5 Qd6
34. Rxb8 Rxb8 35. Bd5 Qxb4 0-1

[Event "Kreis-Mitte-EM"]
[Site "Zirndorf"]
[Date "2012.01.05"]
[Round "1.20"]
[White "Schilay, Erich"]
[Black "Walch, Roger"]
[Result "0-1"]
[WhiteElo "799"]
[BlackElo "1652"]
[PlyCount "48"]
[EventDate "2012.??.??"]
[WhiteTeam "SK Neumarkt"]
[BlackTeam "SW Nürnberg Süd"]

1. e4 e6 2. d3 d5 3. Nc3 d4 4. Nce2 c5 5. Bf4 Nc6 6. h3 e5 7. Bh2 Be6 8. Ng3 g6
9. Be2 Qa5+ 10. Qd2 Nb4 11. b3 Bh6 12. Qd1 Nxc2+ 13. Kf1 Nxa1 14. Qxa1 Bxb3 15.
Bg4 Nf6 16. N3e2 Nxg4 17. hxg4 Bc2 18. Bxe5 f6 19. Bxf6 O-O 20. e5 Qd2 21. Rxh6
Rxf6 22. exf6 Qxh6 23. Qb2 Qd2 24. Qxb7 Qd1# 0-1

[Event "Kreis-Mitte-EM"]
[Site "Zirndorf"]
[Date "2012.01.06"]
[Round "2.1"]
[White "Thürauf, Peter"]
[Black "Saathoff, Richard"]
[Result "0-1"]
[WhiteElo "1826"]
[BlackElo "2109"]
[PlyCount "50"]
[EventDate "2012.??.??"]
[WhiteTeam "SW Nürnberg Süd"]
[BlackTeam "SW Nürnberg Süd"]

1. Nf3 Nf6 2. d4 g6 3. c4 Bg7 4. g3 O-O 5. Bg2 d6 6. O-O Nbd7 7. Nc3 e5 8. h3
Re8 9. Be3 exd4 10. Bxd4 Nb6 11. Rc1 c6 12. b3 Qe7 13. Re1 d5 14. cxd5 Nbxd5
15. Nxd5 Nxd5 16. Bxg7 Kxg7 17. Qd4+ Qf6 18. Qc5 Ne7 19. e4 b6 20. e5 Qxf3 21.
Qd6 Qf5 22. Qf6+ Kg8 23. g4 Qe6 24. Rcd1 Nd5 25. Bxd5 cxd5 0-1

[Event "Kreis-Mitte-EM"]
[Site "Zirndorf"]
[Date "2012.01.06"]
[Round "2.3"]
[White "Ahlich, Thomas"]
[Black "Erlbeck, Peter"]
[Result "0-1"]
[WhiteElo "1762"]
[BlackElo "2025"]
[PlyCount "38"]
[EventDate "2012.??.??"]
[WhiteTeam "Zabo-Eintracht N."]
[BlackTeam "SW Nürnberg Süd"]

1. Nf3 f5 2. b3 Nf6 3. Bb2 d6 4. d4 g6 5. g3 Bg7 6. Bg2 O-O 7. c4 c6 8. O-O Qe8
9. d5 h6 10. Nc3 g5 11. Nd4 Bd7 12. e3 Na6 13. a3 Nc7 14. Qc2 f4 15. e4 Qh5 16.
f3 fxg3 17. hxg3 Ng4 18. fxg4 Bxd4+ 19. Rf2 Bxf2+ 0-1

[Event "Kreis-Mitte-EM"]
[Site "Zirndorf"]
[Date "2012.01.06"]
[Round "2.4"]
[White "Rausch, Wolfgang jr"]
[Black "Weißmann, Peter"]
[Result "1-0"]
[WhiteElo "2005"]
[BlackElo "1762"]
[PlyCount "69"]
[EventDate "2012.??.??"]
[WhiteTeam "SC N-T Nürnberg"]
[BlackTeam "SK Zirndorf"]

1. d4 Nf6 2. c4 e6 3. Nf3 b6 4. Bf4 Bb7 5. Nc3 Bb4 6. Qb3 Bxc3+ 7. Qxc3 d6 8.
e3 Nbd7 9. h3 Ne4 10. Qc2 f5 11. Bd3 Ndf6 12. O-O-O Nh5 13. Bh2 Nhf6 14. Ne1
Qd7 15. f3 Ng5 16. h4 Nf7 17. Rg1 b5 18. b3 a5 19. g4 fxg4 20. fxg4 a4 21. g5
axb3 22. axb3 bxc4 23. bxc4 Ra1+ 24. Kd2 Rxd1+ 25. Kxd1 Bc6 26. Ke2 Nh5 27.
Bxh7 e5 28. Bf5 Qe7 29. d5 Bd7 30. Bg6 Nf4+ 31. exf4 Rxh4 32. Nf3 Bg4 33. Rxg4
Rxg4 34. Qf5 exf4+ 35. Kf1 1-0

[Event "Kreis-Mitte-EM"]
[Site "Zirndorf"]
[Date "2012.01.06"]
[Round "2.5"]
[White "Babichev, Vyacheslav"]
[Black "Karasek, Christian"]
[Result "1-0"]
[WhiteElo "1689"]
[BlackElo "1991"]
[PlyCount "73"]
[EventDate "2012.??.??"]
[WhiteTeam "SW Nürnberg Süd"]
[BlackTeam "SC N-T Nürnberg"]

1. b3 d5 2. Bb2 Nc6 3. e3 e5 4. Bb5 Bd6 5. f4 Bd7 6. Bxc6 Bxc6 7. fxe5 Qh4+ 8.
g3 Qe4 9. Nf3 Bb4 10. O-O Nh6 11. Nc3 Bxc3 12. Bxc3 Bb5 13. Re1 c5 14. d3 Qg6
15. a4 Bd7 16. d4 Rc8 17. Ra2 c4 18. Bb4 Nf5 19. Qe2 h5 20. Qg2 Rc6 21. bxc4
Rxc4 22. c3 Qh6 23. Qf2 Rc6 24. e4 dxe4 25. Rxe4 Be6 26. Qd2 Bxa2 27. Qxa2 Qg6
28. d5 Rc8 29. e6 f6 30. Qe2 a6 31. Rc4 Ne7 32. d6 Rxc4 33. Qxc4 Nc6 34. Nd4
Qb1+ 35. Kf2 Qe4 36. d7+ Kd8 37. Ba5+ 1-0

[Event "Kreis-Mitte-EM"]
[Site "Zirndorf"]
[Date "2012.01.06"]
[Round "2.6"]
[White "Lais, Thomas"]
[Black "Siegl, Melina"]
[Result "1/2-1/2"]
[WhiteElo "1959"]
[BlackElo "1692"]
[PlyCount "33"]
[EventDate "2012.??.??"]
[WhiteTeam "SW Nürnberg Süd"]
[BlackTeam "SW Nürnberg Süd"]

1. e4 c5 2. Nf3 Nc6 3. d4 cxd4 4. Nxd4 Nf6 5. Nc3 e6 6. Ndb5 Qa5 7. Bd2 Qb6 8.
Be3 Qa5 9. f3 d5 10. Bf4 Bb4 11. Nc7+ Ke7 12. Nxa8 dxe4 13. Bc7 Bxc3+ 14. bxc3
Qxc3+ 15. Kf2 Qc5+ 16. Ke1 Qc3+ 17. Kf2 1/2-1/2

[Event "Kreis-Mitte-EM"]
[Site "Zirndorf"]
[Date "2012.01.06"]
[Round "2.7"]
[White "Walch, Roger"]
[Black "Diehl, Achim"]
[Result "0-1"]
[WhiteElo "1652"]
[BlackElo "1959"]
[PlyCount "34"]
[EventDate "2012.??.??"]
[WhiteTeam "SW Nürnberg Süd"]
[BlackTeam "SW Nürnberg Süd"]

1. e4 c5 2. Nf3 d6 3. d4 cxd4 4. Nxd4 Nf6 5. Nc3 a6 6. f3 e5 7. Nb3 Be6 8. Bg5
Nbd7 9. Qd2 Qc7 10. O-O-O Be7 11. f4 h6 12. Bxf6 Nxf6 13. f5 Bd7 14. Be2 b5 15.
Bf3 Rc8 16. g4 b4 17. Ne2 Nxe4 0-1

[Event "Kreis-Mitte-EM"]
[Site "Zirndorf"]
[Date "2012.01.06"]
[Round "2.8"]
[White "Luther, Helmut"]
[Black "Nüßlein, Christian"]
[Result "1/2-1/2"]
[WhiteElo "1913"]
[BlackElo "1608"]
[PlyCount "115"]
[EventDate "2012.??.??"]
[WhiteTeam "SW Nürnberg Süd"]
[BlackTeam "SG Nürnberg 1978"]

1. d4 Nf6 2. c4 g6 3. Nc3 d5 4. Nf3 Bg7 5. cxd5 Nxd5 6. g3 Nxc3 7. bxc3 c5 8.
Bg2 Nc6 9. e3 O-O 10. O-O cxd4 11. cxd4 Qc7 12. Bb2 Rd8 13. Qc2 Qd6 14. Rac1
Bd7 15. Qb3 Be6 16. Qxb7 Rab8 17. Qxc6 Rxb2 18. Qxd6 Rxd6 19. Rc7 Rxa2 20. Rxe7
Bf6 21. Rc7 Rda6 22. h3 Rb2 23. Nh2 Raa2 24. d5 Bf5 25. Ng4 Bg7 26. Nh2 Be5 27.
d6 Bxd6 28. Rb7 Bxg3 29. Rxb2 Bxh2+ 30. Kxh2 Rxb2 31. Kg3 Rb1 32. Kf4 Rxf1 33.
Bxf1 Bc2 34. Ba6 Kg7 35. e4 h6 36. h4 f6 37. Ke3 g5 38. hxg5 hxg5 39. Kd4 Bb1
40. e5 fxe5+ 41. Kxe5 Kg6 42. Ke6 Be4 43. Ke5 Bf3 44. Ke6 Kh5 45. Kf5 Kh4 46.
Ke5 Kh3 47. Kf5 g4 48. Ke5 Kg2 49. Bc8 Kxf2 50. Bxg4 Bxg4 51. Kd4 a5 52. Kc3 a4
53. Kb2 Bd1 54. Ka1 Bb3 55. Kb2 Ke2 56. Ka1 Kd2 57. Kb2 Bc2 58. Ka1 1/2-1/2

[Event "Kreis-Mitte-EM"]
[Site "Zirndorf"]
[Date "2012.01.06"]
[Round "2.9"]
[White "Nagel, Felix"]
[Black "Bolten, Daniel"]
[Result "0-1"]
[WhiteElo "1763"]
[BlackElo "1889"]
[PlyCount "76"]
[EventDate "2012.??.??"]
[WhiteTeam "SC Anderssen Nbg."]
[BlackTeam "SW Nürnberg Süd"]

1. e4 e6 2. d4 d5 3. exd5 exd5 4. Bd3 Nc6 5. Nf3 Bg4 6. Be3 Qf6 7. Nbd2 Bd6 8.
O-O h6 9. Re1 Nge7 10. c3 O-O 11. Qc2 Rad8 12. h3 Bc8 13. a3 Nf5 14. b4 Nce7
15. a4 Ng6 16. Bxf5 Bxf5 17. Qd1 Rde8 18. Qe2 Nf4 19. Qd1 Nxh3+ 20. gxh3 Bxh3
21. Qc2 Bf5 22. Qd1 Qg6+ 23. Kf1 Bd3+ 24. Re2 Qh5 25. Ra2 Qh1+ 26. Ng1 Bxe2+
27. Kxe2 f5 28. f4 Bxf4 29. Kd3 Bxe3 30. Ndf3 Bxg1 31. Nxg1 Qe4+ 32. Kd2 Qg2+
33. Ne2 f4 34. Kc1 f3 35. Ng1 Qxa2 36. Nxf3 Qa1+ 37. Kd2 Qxd1+ 38. Kxd1 Rxf3
0-1